| 000 | 00873nam a22002537a 4500 | ||
|---|---|---|---|
| 999 |
_c14213 _d14213 |
||
| 003 | AR-CdUCM | ||
| 008 | 190422b ||||| |||| 00| 0 spa d | ||
| 020 | _a978-970-718-697-2 | ||
| 040 |
_aMUNICIPALIDAD PROVINCIAL DEL CUSCO _cBIBLIOTECA MUNICIPAL DEL CUSCO |
||
| 041 | _hspa | ||
| 082 |
_aES / 990 / _bM12 |
||
| 100 |
_aMcMillan, Beverly _932893 |
||
| 245 | _aLos Océanos / | ||
| 260 |
_aMexico D. F. : _bAdvanced Marketing, _c2013. |
||
| 300 |
_a64 páginas ; _bIlustraciones, _c27 cm. |
||
| 500 | _aAntes del titulo: Insiders. | ||
| 505 | _aContenido: Los Oceanos -- Planeta azul -- Primer océano -- El paisaje -- En movimiento -- El clima ... | ||
| 650 |
_aLiteratura Infantil _9588 |
||
| 650 |
_aLos Oceanos _932894 |
||
| 700 |
_aMusick John A. _932895 |
||
| 700 |
_aAlba, Arlette de (traductor) _932896 |
||
| 942 |
_2ddc _cLIBROS |
||
| 945 |
_acmm _d2019-04-22 |
||